[Event "CAN-ch"]
[Site "Toronto"]
[Date "1996.??.??"]
[Round "1"]
[White "Yoos, John C"]
[Black "Horton, Joe"]
[Result "1-0"]
[WhiteElo "2335"]
[BlackElo "2325"]

1.e4 g6 2.d4 Bg7 3.Nc3 d6 4.Be3 a6 5.f3 b5 6.g4 h5 7.gxh5 Rxh5 8.Nge2 Nc6
9.Qd2 Bd7 10.Ng3 Rh8 11.O-O-O b4 12.Nce2 a5 13.Kb1 a4 14.Nc1 Qb8 15.h4 Nf6
16.Be2 Na5 17.b3 c5 18.dxc5 dxc5 19.f4 Bc6 20.Bxc5 axb3 21.cxb3 Nxe4 22.Nxe4 Bxe4+
23.Bd3 Bxh1 24.Rxh1 Rh5 25.Bxb4 Qc7 26.Re1 Bf6 27.f5 gxf5 28.Qg2 Qb7 29.Qg8+ Kd7
30.Bb5+ Qxb5 31.Rd1+ Ke6 32.Qxa8 Nc6 33.Qc8+ Ke5 34.Qc7+ Ke4 35.Re1+ Kf3
36.a4 Qd5 37.Qh2 Rxh4 38.Qe2+ Kg3 39.Rg1+ Kh3 40.Qe3+  1-0

[Event "Toscolano op"]
[Site "Toscolano"]
[Date "1996.??.??"]
[Round "1"]
[White "Drei, Andrea"]
[Black "Magrin, Antonio"]
[Result "1-0"]
[WhiteElo "2310"]
[BlackElo "2070"]

1.e4 g6 2.d4 Bg7 3.Nc3 d6 4.Nf3 Nf6 5.h3 O-O 6.Be3 c6 7.a4 d5 8.e5 Ne8 9.Qd2 f6
10.Bh6 Rf7 11.Bxg7 Nxg7 12.a5 Ne6 13.h4 Nd7 14.Qe3 Ndf8 15.h5 g5 16.Ne2 h6
17.c3 f5 18.b4 f4 19.Qd2 Ng7 20.Nc1 Bf5 21.Be2 e6 22.Nb3 Bh7 23.Nh2 Bf5 24.Bg4 Nd7
25.Bxf5 Nxf5 26.Ng4 Kg7 27.Qd3 b6 28.O-O b5 29.Kh2 Qe8 30.Rh1 Nh4 31.Nc5 Re7
32.Nxd7 Qxh5 33.Qh3 Rxd7 34.Nf6 Qf7 35.g3 fxg3+ 36.fxg3 Rdd8 37.gxh4 Rh8
38.Raf1 Qg6 39.Qxe6 Qc2+ 40.Kg1 gxh4 41.Nh5+  1-0

[Event "Toscolano op"]
[Site "Toscolano"]
[Date "1996.??.??"]
[Round "3"]
[White "Luciani, Valerio"]
[Black "Stantic, Severino"]
[Result "1/2-1/2"]
[WhiteElo "2180"]
[BlackElo "2105"]

1.e4 g6 2.d4 Bg7 3.Nc3 d6 4.Bc4 Nd7 5.Be3 Ngf6 6.f3 c6 7.a4 Qa5 8.Ne2 d5
9.exd5 Nb6 10.Bd3 Nbxd5 11.Bd2 Nb4 12.Bc4 Qf5 13.Bb3 O-O 14.Ne4 Na6 15.N2g3 Qd7
16.c3 b6 17.O-O Nc7 18.Qc1 Nxe4 19.Nxe4 Nd5 20.Bh6 Qf5 21.Re1 Qh5 22.Bxg7 Kxg7
23.c4 Nc7 24.Ng3 Qh4 25.Qc3 Ne6 26.Rad1 Kg8 27.d5 cxd5 28.cxd5 Nc5 29.Bc2 Bd7
30.d6 exd6 31.b4 Ne6 32.Rxd6 Rac8 33.Qd2 Bc6 34.b5 Ba8 35.Bd1 Nc5 36.Rd4 Qf6
37.Rd6 Rcd8 38.Rxd8 Rxd8 39.Qe3 Kg7 40.Bc2 Qd4 41.Kf2 Qb2 42.Re2 Qd4 43.Ke1 Qa1+
44.Kf2 Qf6  1/2-1/2

[Event "Toscolano op"]
[Site "Toscolano"]
[Date "1996.??.??"]
[Round "9"]
[White "Prelati, Maurizio"]
[Black "Perich, Stefano"]
[Result "1/2-1/2"]
[WhiteElo "2120"]
[BlackElo "2075"]

1.e4 d6 2.d4 g6 3.Nc3 Bg7 4.Be3 a6 5.Qd2 b5 6.f3 Nd7 7.O-O-O Nb6 8.g4 h5
9.g5 c6 10.f4 d5 11.exd5 cxd5 12.Re1 Bf5 13.Bd3 Bxd3 14.Qxd3 e6 15.Nf3 Ne7
16.Nh4 Nc4 17.Kb1 O-O 18.Rhg1 Nd6 19.Ne2 Ndf5 20.Nxf5 Nxf5 21.Ng3 Qb6 22.Nxf5 exf5
23.Bf2 Rfe8 24.c3 Qd6 25.Qf3 Reb8 26.Re3 b4 27.Rc1 Ra7 28.cxb4  1/2-1/2

[Event "Toulouse"]
[Site "Toulouse"]
[Date "1996.??.??"]
[Round "8"]
[White "Marciano, David"]
[Black "Dunnington, Angus J"]
[Result "1-0"]
[WhiteElo "2480"]
[BlackElo "2450"]

1.e4 g6 2.d4 d6 3.Nc3 Bg7 4.Be3 c6 5.Qd2 b5 6.Nf3 Nd7 7.Bd3 Qc7 8.O-O-O Nb6
9.Kb1 Bd7 10.e5 d5 11.Ne2 e6 12.g4 a5 13.h4 h6 14.h5 g5 15.Nxg5 hxg5 16.Bxg5 c5
17.h6 Nxh6 18.Bxh6 Bxh6 19.Rxh6 Rxh6 20.Qxh6 O-O-O 21.dxc5 Qxc5 22.Qf4 Rg8
23.f3 Be8 24.Rh1 Qf2 25.Rh2 Qf1+ 26.Nc1 Qg1 27.Rh7 d4 28.Qh2 Qxh2 29.Rxh2 Nc4
30.Bxc4 bxc4 31.Rd2 Bc6 32.Rxd4 Bxf3 33.Rxc4+ Kb7 34.Rf4 Bxg4 35.Rxf7+ Kb6
36.b3 Bf5 37.Ne2 Rg2 38.Nd4 Be4 39.Kb2 Kc5 40.Nxe6+ Kd5 41.Nf4+  1-0

[Event "CRO-chT2"]
[Site "Tucepi"]
[Date "1996.??.??"]
[Round "?"]
[White "Sermek, Drazen"]
[Black "Marangunic, Srdjan"]
[Result "0-1"]
[WhiteElo "2535"]
[BlackElo "2450"]

1.e4 g6 2.d4 Bg7 3.Nc3 d6 4.g3 Nf6 5.Bg2 O-O 6.Nge2 c6 7.O-O e5 8.a4 Re8
9.h3 Na6 10.Be3 Nb4 11.a5 exd4 12.Bxd4 Bd7 13.Qd2 c5 14.Be3 Bc6 15.Rfd1 Qe7
16.Nd5 Bxd5 17.exd5 Ne4 18.Qc1 Nxf2 19.Bxf2 Qxe2 20.Rd2 Qe7 21.c3 Na6 22.Qf1 Bh6
23.Rd3 Qe2 24.Rb1 Qxf1+ 25.Kxf1 Re7 26.b4 Rc8 27.Bf3 Bg7 28.Be2 Rce8 29.bxc5 Rxe2
30.cxd6 Bf8 31.d7 Rxf2+ 32.Kxf2 Rd8 33.d6 Rxd7 34.Rd5 Bxd6 35.Kf3 Kf8 36.g4 Ke7
37.g5 Nc7 38.Rd2 Ne6 39.h4 Rc7 40.Rb3 Bc5 41.Rb1 b6 42.axb6 Bxb6 43.Rd3 Rc4
44.Rb4 Rc7 45.Rb1 Kf8 46.Kg3 Kg7 47.Rf3 h6 48.gxh6+ Kxh6 49.Re1 Bc5 50.Rd3 Be7
51.Rf3 Ng7 52.Kh3 Nf5 53.Re4 Bf6 54.c4 Be7 55.Rff4 a5 56.Rf3 Ra7  0-1

[Event "CRO-chT"]
[Site "Tucepi"]
[Date "1996.??.??"]
[Round "?"]
[White "Sale, Srdjan"]
[Black "Kosanski, Stanko"]
[Result "0-1"]
[WhiteElo "2440"]
[BlackElo "2385"]

1.d4 d6 2.e4 g6 3.Nc3 Bg7 4.f4 Nc6 5.Nf3 Bg4 6.Be3 Bxf3 7.gxf3 e6 8.h4 h5
9.Bb5 a6 10.Ba4 d5 11.Bxc6+ bxc6 12.Qd3 Nh6 13.O-O-O O-O 14.Na4 Qb8 15.Nc5 Qb5
16.a4 Qxd3 17.Rxd3 Rfd8 18.Nb7 Rdb8 19.Rb3 dxe4 20.fxe4 Ng4 21.Bg1 Bh6 22.Na5 Bxf4+
23.Kb1 Rxb3 24.Nxb3 Nf6 25.e5 Ne4 26.Rh3 Rb8 27.Be3 g5 28.Bxf4 gxf4 29.Kc1 Ng3
30.Nc5 Ne2+ 31.Kd2 Nxd4 32.Nxa6 Rxb2 33.Kc3 Ra2 34.Kxd4 Rxa4+ 35.c4 Rxa6
36.Ke4 Ra4 37.Rc3 Ra1 38.Kxf4 Rg1  0-1

[Event "CRO-chT"]
[Site "Tucepi"]
[Date "1996.??.??"]
[Round "?"]
[White "Kutuzovic, Branko"]
[Black "Kosanski, Stanko"]
[Result "1-0"]
[WhiteElo "2405"]
[BlackElo "2385"]

1.e4 g6 2.d4 Bg7 3.Nc3 d6 4.Be3 c6 5.Qd2 b5 6.Bd3 Nd7 7.Nf3 a6 8.a4 b4 9.Ne2 a5
10.Ng3 Ba6 11.Bxa6 Rxa6 12.O-O Qc7 13.c3 bxc3 14.bxc3 Ra8 15.Rfe1 Nb6 16.e5 d5
17.e6 f6 18.Nh4 f5 19.Bf4 Nc4 20.Qc1 Qc8 21.Rb1 Nf6 22.Bh6 Rg8 23.Bxg7 Rxg7
24.Qh6 Kf8 25.Nhxf5 gxf5 26.Nxf5 Ne8 27.Nxg7 Nxg7 28.Qxh7 Nxe6 29.Qf5+  1-0

[Event "CRO-chT"]
[Site "Tucepi"]
[Date "1996.??.??"]
[Round "?"]
[White "Doric, Nenad"]
[Black "Sale, Srdjan"]
[Result "0-1"]
[WhiteElo "2320"]
[BlackElo "2440"]

1.e4 g6 2.d4 Bg7 3.Nc3 d6 4.g3 Nf6 5.Bg2 O-O 6.Nge2 e5 7.h3 Nc6 8.Be3 a6
9.a4 exd4 10.Nxd4 Bd7 11.O-O Re8 12.Nde2 h5 13.Nf4 Rb8 14.Qc1 Ne5 15.b3 Qc8
16.Kh2 Neg4+ 17.Kg1 Nxe3 18.Qxe3 c6 19.Rad1 d5 20.Qd2 d4 21.Qxd4 Nd5 22.exd5 Bxd4
23.Rxd4 Qc7 24.Rfd1 Qb6 25.dxc6 Bxc6 26.Rd6 Qc5 27.Bxc6 bxc6 28.R6d3 Qa5
29.Kg2 Rbd8 30.Ne4 Rxd3 31.Nf6+ Kf8 32.Rxd3 Rd8 33.Rxd8+ Qxd8 34.Ne4 Qd4
35.Kf3 Qd1+ 36.Ke3 Qxc2 37.Nd2 h4 38.g4 Qc5+ 39.Ke2 Qe5+ 40.Kf3 g5  0-1

[Event "CRO-chT"]
[Site "Tucepi"]
[Date "1996.??.??"]
[Round "?"]
[White "Gladisheva, Tatjana"]
[Black "Medvegy, Nora"]
[Result "1-0"]
[WhiteElo "2115"]
[BlackElo "2300"]

1.e4 g6 2.d4 Bg7 3.Nc3 d6 4.Be3 c6 5.Bc4 Nf6 6.f3 d5 7.Bb3 dxe4 8.fxe4 Ng4
9.Qf3 O-O 10.O-O-O Nxe3 11.Qxe3 Nd7 12.e5 e6 13.h4 h6 14.Nf3 Re8 15.g4 b6
16.Ne4 Bf8 17.h5 g5 18.Nfxg5 hxg5 19.h6 Be7 20.Rh5 Nf8 21.Bc4 Ng6 22.Nxg5 Bxg5
23.Rxg5 Kh7 24.Rf1 Qe7 25.Rf6 a6 26.Qe4 Rg8 27.Qxc6 Ra7 28.Bd3 Qd7 29.Qf3 Rc7
30.d5 Qe8 31.d6 Rd7 32.Be4 Ra7 33.Bc6 Qf8 34.Rgxg6 Rxg6 35.Rxg6 Kxg6 36.Qf6+ Kh7
37.Be4+  1-0

[Event "CRO-chT"]
[Site "Tucepi"]
[Date "1996.??.??"]
[Round "?"]
[White "Jurkovic, Ante"]
[Black "Loncar, Robert"]
[Result "0-1"]
[WhiteElo "2335"]
[BlackElo "2455"]

1.e4 g6 2.d4 Bg7 3.Nc3 d6 4.Be3 a6 5.Qd2 b5 6.Nf3 Bb7 7.Bd3 Nd7 8.a4 b4 9.Ne2 c5
10.Ng3 Qc7 11.c3 bxc3 12.bxc3 Ngf6 13.h3 O-O 14.O-O Rfd8 15.Bh6 d5 16.e5 Ne4
17.Qf4 Bxh6 18.Qxh6 Nf8 19.Ng5 Nxg5 20.Qxg5 Ne6 21.Qe3 Qa5 22.Ne2 Bc8 23.f4 cxd4
24.cxd4 Ng7 25.g4 f5 26.exf6 exf6 27.f5 g5 28.Qe7 Rf8 29.Qc5 Qd8 30.Rab1 Rf7
31.Rb6 Ne8 32.Rfb1 Raa7 33.Nc3 Rac7 34.Rc6 Bb7 35.Rxc7 Rxc7 36.Qb4 Re7 37.Kf2 Qc7
38.Ne2 Qh2+ 39.Ke1 Kf7 40.Qc5 Qxh3 41.Rxb7 Qh1+ 42.Kd2 Rxb7 43.Qc6 Re7 44.Qc5 Nc7
45.Qd6 Qg2 46.Bxa6 Nxa6 47.Qxa6 Qxg4  0-1

[Event "Turin op"]
[Site "Turin"]
[Date "1996.??.??"]
[Round "8"]
[White "Mrdja, Milan"]
[Black "Sarno, Spartaco"]
[Result "1-0"]
[WhiteElo "2455"]
[BlackElo "2410"]

1.e4 d6 2.d4 g6 3.Nc3 Bg7 4.Bc4 Nc6 5.Nge2 Nf6 6.f3 a6 7.Bg5 b5 8.Bd5 Nxd5
9.Nxd5 h6 10.Bh4 O-O 11.Qd2 Bb7 12.O-O-O Re8 13.g4 Nb8 14.Ne3 Nd7 15.Kb1 c5
16.Rhg1 Kh7 17.d5 Rc8 18.Bg3 c4 19.c3 Nc5 20.h4 Na4 21.Qc2 Qa5 22.a3 Nc5
23.h5 Qa4 24.Qd2 a5 25.Nc2 Nd3 26.hxg6+ fxg6 27.Rh1 Rh8 28.Bf4 Kg8 29.Bxh6 Rxh6
30.Rxh6 Qb3 31.Ncd4 Qxb2+ 32.Qxb2 Nxb2 33.Rxg6 Nxd1 34.Ne6 Kf7 35.Rxg7+ Ke8
36.Kc1 Nf2 37.N2d4 Nd3+ 38.Kd2 Kd7 39.Nxb5 Rh8 40.Nbd4 Rh2+  1-0

[Event "CZE-ch"]
[Site "Turnov"]
[Date "1996.??.??"]
[Round "6"]
[White "Votava, Jan"]
[Black "Oral, Tomas"]
[Result "1/2-1/2"]
[WhiteElo "2540"]
[BlackElo "2460"]

1.e4 g6 2.d4 Bg7 3.Nc3 d6 4.Be3 c6 5.Qd2 Nd7 6.f4 b5 7.a3 Nb6 8.Nf3 Bg4 9.d5 Na4
10.Bd4 Nf6 11.dxc6 Nxc3 12.Qxc3 O-O 13.Bd3 Bxf3 14.gxf3 a6 15.a4 Nh5 16.Bxg7 Nxg7
17.c7 Qd7 18.axb5 axb5 19.Rxa8 Rxa8 20.Bxb5 Qc8 21.Kd2 Ra7 22.Bd7 Qxc7 23.Qxc7 Rxc7
24.Ra1 Nh5 25.Ra8+ Kg7 26.Bc8 Nxf4 27.b4 Rc4 28.c3 d5 29.b5 d4 30.cxd4 Rxd4+
31.Kc2 Rb4 32.Ba6 Ne6 33.Rc8 Kf6 34.f4 Nxf4 35.Rc6+ Ke5 36.b6 Ne6 37.Kc3 Rb1
38.b7 Nd8  1/2-1/2

[Event "CZE-ch U20"]
[Site "Usti nad Labem"]
[Date "1996.??.??"]
[Round "4"]
[White "Vavra, Pavel"]
[Black "Chytilek, Roman"]
[Result "0-1"]
[WhiteElo "2350"]
[BlackElo "2320"]

1.e4 d6 2.d4 g6 3.Nc3 Bg7 4.Nf3 Nf6 5.h3 O-O 6.Be3 b6 7.Qd2 Bb7 8.Bd3 Nbd7
9.Bh6 e5 10.Bxg7 Kxg7 11.O-O-O a6 12.g4 b5 13.Qe3 Qe7 14.d5 c6 15.dxc6 Bxc6
16.Ne2 Nc5 17.Ng3 Kh8 18.g5 Nfd7 19.h4 Ne6 20.h5 Nf4 21.Rh2 Nc5 22.Rdh1 Nce6
23.hxg6 fxg6 24.Nf5 gxf5 25.Rxh7+ Qxh7 26.Rxh7+ Kxh7 27.exf5 Bxf3 28.Qxf3 Nc5
29.Be4 Nxe4 30.Qxe4 Ra7 31.f6+ Kg8 32.Qc6 Rd8 33.Qb6 Rad7 34.Qxa6 Kf7 35.Qxb5 Kg6
36.a4 Kxg5 37.a5 Kxf6 38.b4 Ne6 39.a6 Nd4 40.Qb6 Rc8 41.b5 Rxc2+ 42.Kd1 Rdc7
43.Qxd6+ Kf5  0-1

[Event "Vantaa We op4"]
[Site "Vantaa"]
[Date "1996.??.??"]
[Round "2"]
[White "Rytshagov, Mikhail"]
[Black "Keskisarja, Teemu"]
[Result "1/2-1/2"]
[WhiteElo "2495"]
[BlackElo "2255"]

1.e4 g6 2.d4 Bg7 3.Nc3 d6 4.Be3 a6 5.Nf3 b5 6.Bd3 Bb7 7.O-O Nd7 8.d5 Ngf6
9.a4 b4 10.Ne2 a5 11.c3 bxc3 12.bxc3 O-O 13.Rb1 Ba6 14.Bxa6 Rxa6 15.Qd3 Rb6
16.c4 Ng4 17.Bd4 e5 18.dxe6 fxe6 19.Bxg7 Kxg7 20.Qc3+  1/2-1/2

[Event "AUT-chT qual"]
[Site "Vienna"]
[Date "1996.??.??"]
[Round "2"]
[White "Holzer, Gerhard"]
[Black "Krpelan, Wolfgang"]
[Result "1-0"]
[WhiteElo "2200"]
[BlackElo "2170"]

1.e4 g6 2.d4 Bg7 3.Nc3 d6 4.Bc4 Nf6 5.Qe2 e5 6.dxe5 dxe5 7.Nf3 Qe7 8.Bg5 c6
9.a4 a5 10.O-O O-O 11.Rad1 Na6 12.Nd2 Nc5 13.f4 Ne6 14.Bxe6 Bxe6 15.f5 Bc8
16.Nc4 h6 17.Be3 g5 18.Nb6 Ra6 19.Qc4 Qb4 20.Bc5 Qxc4 21.Nxc4 Re8 22.Nd6 Rd8
23.Kh1 Bf8 24.Ba3 Ra8 25.h3 b6 26.Rf2 Ba6 27.Rfd2 Be7 28.Kh2 Kf8 29.Kg3 h5
30.Kf3 Ne8 31.Nxe8 Rxd2 32.Rxd2 Bxa3 33.Nc7 Ra7 34.Nxa6 Bxb2 35.Nd1 Ba3 36.Nb8 Rc7
37.f6 Ke8 38.Rd3 Bf8 39.Ne3 Rc8 40.Nd7 Rd8 41.Nxf8 Rxd3 42.cxd3 Kxf8 43.Nc4  1-0

[Event "Vienna op"]
[Site "Vienna"]
[Date "1996.??.??"]
[Round "4"]
[White "Szalanczy, Emil"]
[Black "Schlosser, Michael"]
[Result "1-0"]
[WhiteElo "2425"]
[BlackElo "2380"]

1.e4 g6 2.d4 Bg7 3.Nc3 d6 4.Be3 c6 5.Qd2 b5 6.Bd3 Nd7 7.a4 b4 8.Nce2 a5 9.Nf3 Ba6
10.O-O Qc8 11.Ng3 c5 12.Bxa6 Qxa6 13.Rad1 Qc6 14.b3 h5 15.d5 Qc7 16.Ng5 Ngf6
17.h3 h4 18.Ne2 Nh7 19.Nf3 Nhf6 20.Qd3 c4 21.Qd4 cxb3 22.cxb3 Qc2 23.Nd2 Nc5
24.Rc1 Qd3 25.Qxd3 Nxd3 26.Rc7 Nd7 27.Nd4 Bf6 28.Nc6 N7e5 29.Bd4 g5 30.Bxe5 Nxe5
31.Nxe5 Bxe5 32.Nc4 Bd4 33.Rd1 Bc5 34.e5 Rh6 35.Rd3 Rg6 36.Rf3 Rg7 37.Kf1 Kf8
38.Rf5 Re8 39.Rc6 Kg8 40.Rf3 Rg6 41.Nxa5 Bd4 42.exd6 exd6 43.Nc4 Bc5 44.Rc7 f6
45.Rc6 g4 46.hxg4 Rxg4 47.Nxd6  1-0

[Event "Vienna op-C"]
[Site "Vienna"]
[Date "1996.??.??"]
[Round "5"]
[White "Nowik, Volker"]
[Black "Hainzinger, Johann"]
[Result "0-1"]
[WhiteElo "2165"]
[BlackElo "2105"]

1.e4 g6 2.d4 Bg7 3.Nc3 d6 4.Be3 Nc6 5.Bb5 a6 6.Bxc6+ bxc6 7.Nf3 Nf6 8.h3 O-O
9.O-O Rb8 10.Rb1 Nd7 11.Qd2 Re8 12.Bh6 Bh8 13.Rfd1 c5 14.e5 cxd4 15.e6 fxe6
16.Nxd4 Ne5 17.Ne4 c5 18.Nb3 Qb6 19.Qf4 Nf7 20.Bg5 Bg7 21.Qh4 Nxg5 22.Qxg5 Qb4
23.Re1 c4 24.Nbd2 Rb5 25.Qe3 Rf8 26.a3 Qa4 27.Nc3 Qxc2 28.Nxb5 axb5 29.Rec1 Qf5
30.Ne4 Bb7 31.Ng3 Qd5 32.Kf1 Bd4 33.Ke2 Bxe3  0-1

[Event "Siembra Villa Ballester op"]
[Site "Villa Ballester"]
[Date "1996.??.??"]
[Round "2"]
[White "Ciurlanti, Federico"]
[Black "Dolezal, Cristian"]
[Result "1-0"]
[WhiteElo "2250"]
[BlackElo "2355"]

1.e4 g6 2.d4 Bg7 3.Nc3 d6 4.f4 Nf6 5.Nf3 c5 6.d5 O-O 7.Bd3 Na6 8.O-O Nc7
9.Kh1 Rb8 10.a4 b6 11.Be3 a6 12.Qd2 Bb7 13.Rae1 Qd7 14.Bg1 b5 15.b3 Ba8 16.axb5 axb5
17.Nd1 Nh5 18.c4 bxc4 19.Bxc4 Bh6 20.Be3 Bb7 21.f5 Bg7 22.Bh6 Ba6 23.Bxg7 Kxg7
24.g4 Nf6 25.g5 Nh5 26.Nh4 Bxc4 27.bxc4 Rb3 28.Ne3 Qa4 29.f6+ exf6 30.gxf6+ Kg8
31.Nef5 Ne8 32.Ne7+ Kh8 33.Qh6 Rg8 34.Nhxg6+ Rxg6 35.Qf8+  1-0

[Event "Siembra Villa Ballester op"]
[Site "Villa Ballester"]
[Date "1996.??.??"]
[Round "4"]
[White "Montes de Oca, Juan"]
[Black "Fulgenzi, Ernesto"]
[Result "0-1"]
[WhiteElo "2125"]
[BlackElo "2325"]

1.e4 g6 2.d4 Bg7 3.Nc3 d6 4.f4 Nc6 5.Be3 Nh6 6.d5 Ng4 7.Bc1 Nb4 8.h3 Nf6
9.Nf3 O-O 10.Bc4 c6 11.a3 cxd5 12.exd5 Na6 13.Be3 Bd7 14.O-O Nc5 15.Nd4 Rc8
16.Ba2 b5 17.f5 Na4 18.Nxa4 bxa4 19.fxg6 hxg6 20.Qe2 Qa5 21.c4 Rb8 22.Kh2 Rb7
23.Rad1 Nh5 24.Rf3 Rfb8 25.Bc1 Be5+ 26.g3 Qc5 27.Qf2 Bf5 28.Kg1 Be4 29.Rc3 Rxb2
30.Bxb2 Rxb2 31.Qxb2 Bxd4+ 32.Rxd4 Qxd4+ 33.Kh2 Nxg3 34.Kxg3 Qe5+ 35.Kg4 f5+
36.Kg5 f4+ 37.Kh6 Qh5+  0-1

[Event "Villa Martelli op"]
[Site "Villa Martelli"]
[Date "1996.??.??"]
[Round "4"]
[White "Scarella, Enrique"]
[Black "Spangenberg, Hugo"]
[Result "0-1"]
[WhiteElo "2330"]
[BlackElo "2505"]

1.d4 d6 2.e4 g6 3.Nc3 Bg7 4.Nf3 Nf6 5.Be2 O-O 6.O-O a6 7.Re1 b5 8.e5 Nfd7
9.e6 fxe6 10.Ng5 Nf6 11.Bf3 Ra7 12.a3 d5 13.Nxe6 Bxe6 14.Rxe6 Qd7 15.Re1 Nc6
16.Qd3 Raa8 17.Bg5 e6 18.Bh4 Ne7 19.Bg3 Nf5 20.Be5 Ne8 21.Na2 Ned6 22.Bxg7 Qxg7
23.Rad1 Qf6 24.Bg4 Ng7 25.Qe2 Rae8 26.g3 Nc4 27.b3 Nd6 28.f4 g5 29.Rf1 Ngf5
30.Bh5 Re7 31.fxg5 Qxg5 32.Rd3 Ne4 33.Qg4 Rg7 34.Qxg5 Rxg5 35.Bd1 a5 36.Nc3 c6
37.Ne2 b4 38.axb4 axb4 39.Nf4 Nfxg3 40.hxg3 Nxg3 41.Rxg3 Rxg3+ 42.Kh2 Rg5
43.Be2 Rf6 44.Rf3 e5 45.dxe5 Rxe5 46.Bd3 Kf7 47.Kg3 h6 48.Bf1 Rg5+ 49.Kf2 Rgf5
50.Kg3 Ke7 51.Bg2 Kd6 52.Nd3 Rxf3+ 53.Bxf3 c5 54.Bg2 Rg6+ 55.Kf2 Rg5 56.Bf3 h5
57.Nf4 h4 58.Bg2 Ke5 59.Ne2 Rg8 60.Bh3 Ra8 61.Bg2 Ra2  0-1

[Event "Vlissingen op"]
[Site "Vlissingen"]
[Date "1996.??.??"]
[Round "3"]
[White "Vetemaa, Juri"]
[Black "Ehlvest, Jaan"]
[Result "0-1"]
[WhiteElo "2350"]
[BlackElo "2660"]

1.e4 g6 2.d4 Bg7 3.Nc3 d6 4.Bc4 Nf6 5.f3 c6 6.a4 O-O 7.Be3 d5 8.exd5 cxd5
9.Ba2 Nc6 10.Nge2 b6 11.Qd2 Ba6 12.Nb5 Qd7 13.O-O e6 14.Rfd1 Rfc8 15.b3 Na5
16.Qd3 Ne8 17.c4 Nd6 18.Rac1 Nf5 19.Bf2 Bh6 20.Rc2 Nc6 21.Qc3 Bb7 22.g4 Ng7
23.c5 Ne8 24.b4 a5 25.bxa5 Nxa5 26.Qd3 Nc6 27.Qb3 Na5 28.Qd3 Qd8 29.Kg2 Ba6
30.Be3 Bg7 31.Rdc1 bxc5 32.Rxc5 Rxc5 33.Rxc5 Bf8 34.Rc2 Nd6 35.Bf4 Nac4 36.Nec3 Bxb5
37.axb5 Ra3 38.Bc1 Ra8 39.Bb3 Qb6 40.Ra2 Rxa2+ 41.Bxa2 Bg7 42.Ne2 Qxb5 43.Qb3 Qxb3
44.Bxb3 Nb5 45.Bxc4 dxc4 46.Bb2 Kf8 47.Kf2 Ke7 48.Ke3 Kd6 49.f4 Kd5 50.h3 f5
51.g5 Bf8 52.Bc3 Ba3 53.Ba5 Bb2 54.Bb6 Nc3 55.Ng3 Bc1+ 56.Kf3 Ne4  0-1

[Event "AUT-chT9596"]
[Site "Vorarlberg"]
[Date "1996.??.??"]
[Round "8"]
[White "Purtscher, Thomas"]
[Black "Flatz, Lothar"]
[Result "1-0"]
[WhiteElo "1840"]
[BlackElo "1910"]

1.e4 g6 2.d4 Bg7 3.Nc3 d6 4.Bg5 Nd7 5.Bc4 h6 6.Bh4 g5 7.Bg3 e6 8.h4 Ne7 9.hxg5 hxg5
10.Rxh8+ Bxh8 11.Bxe6 Ng6 12.Bb3 Nf6 13.Nge2 Qe7 14.f3 Be6 15.Bxe6 fxe6 16.Qd2 Nh5
17.Bh2 Bg7 18.O-O-O O-O-O 19.d5 Rh8 20.Kb1 Nf6 21.Bg1 exd5 22.Qxg5 Nxe4 23.Qg4+  1-0

[Event "JUG-ch (Women) 1"]
[Site "Vrnjacka Banja"]
[Date "1996.??.??"]
[Round "?"]
[White "Bojkovic, Natasa"]
[Black "Voiska, Margarita"]
[Result "1/2-1/2"]
[WhiteElo "2400"]
[BlackElo "2340"]

1.e4 g6 2.d4 Bg7 3.Nc3 d6 4.Be3 a6 5.Nf3 Nd7 6.Qd2 h6 7.h3 e6 8.a4 b6 9.Bc4 Bb7
10.d5 e5 11.O-O f5 12.exf5 gxf5 13.Qe2 Ne7 14.Ne1 Nf6 15.f4 e4 16.Rd1 h5
17.g3 Qd7 18.Ng2 Ng6 19.Bd4 Kf7 20.Ne3 Ne7 21.Rf2 Ng6 22.b3 Rh6 23.Na2 a5
24.Bb5 Qc8 25.c4 Ne7 26.Nc3 Rg6 27.Rg2 Qh8 28.Qd2 Rg8 29.h4 Ng4 30.Nxg4 Bxd4+
31.Qxd4 Qxd4+ 32.Rxd4 Rxg4 33.Ne2 Ng6 34.Bd7 Kf6 35.Rd1 Nxh4 36.Rf2 Nf3+
37.Kf1 h4 38.gxh4 Rxh4 39.Nd4 Rh1+ 40.Ke2 Rxd1 41.Nxf3 Ra1 42.Nd4 Bc8 43.Bxc8 Rxc8
44.Ke3 Rh8 45.Rb2 Rh3+  1/2-1/2

[Event "JUG-chT"]
[Site "Vrnjacka Banja"]
[Date "1996.??.??"]
[Round "?"]
[White "Lempert, Igor"]
[Black "Rakic, Tomislav"]
[Result "1/2-1/2"]
[WhiteElo "2505"]
[BlackElo "2365"]

1.d4 g6 2.e4 Bg7 3.Nc3 d6 4.Be3 Nf6 5.h3 O-O 6.Bd3 e5 7.Nge2 Nc6 8.O-O d5
9.exd5 Nxd5 10.Nxd5 exd4 11.Nxc7 Qxc7 12.Bf4 Qb6 13.Qd2 Ne5 14.a4 Nxd3 15.cxd3 a5
16.Rfc1 Bd7 17.Bc7 Qf6 18.Rc5 Rfe8 19.Rxa5 Rxa5 20.Bxa5 Bh6 21.Qxh6 Rxe2
22.Rf1 Rxb2 23.Bd2 Bxa4 24.Bg5 Qe5 25.Qh4 Rb6 26.Bf4 g5 27.Bxe5 gxh4 28.Ra1 Ra6
29.Bxd4 Bc2 30.Re1 Re6 31.Rc1 Rc6 32.Ra1  1/2-1/2

[Event "JUG-chT"]
[Site "Vrnjacka Banja"]
[Date "1996.??.??"]
[Round "?"]
[White "Markovic, Zoran S"]
[Black "Vico, Milan"]
[Result "1-0"]
[WhiteElo "2350"]
[BlackElo "2160"]

1.e4 g6 2.d4 d6 3.Nc3 Bg7 4.f4 Nf6 5.Nf3 c6 6.Bd3 O-O 7.O-O Nbd7 8.e5 Ne8
9.Ne4 c5 10.Neg5 Nc7 11.Qe1 h6 12.Qh4 cxd4 13.Nxf7 Rxf7 14.Bxg6 Qf8 15.Bd2 Ne6
16.Ng5 Nxg5 17.fxg5 Nxe5 18.Bxf7+ Nxf7 19.g6 Be6 20.Rae1 Bc4 21.gxf7+ Kh8
22.Rf3 e5 23.Rh3 Rd8 24.Bxh6 Bxh6 25.Qf6+ Kh7 26.Qf5+ Kg7 27.Rg3+ Kh8 28.Qf6+ Kh7
29.Qg6+ Kh8 30.Rh3  1-0

[Event "JUG-ch (Women) 3"]
[Site "Vrnjacka Banja"]
[Date "1996.??.??"]
[Round "?"]
[White "Maric, Mirjana"]
[Black "Petrovic, Marija"]
[Result "1/2-1/2"]
[WhiteElo "2280"]
[BlackElo "2260"]

1.e4 g6 2.d4 Bg7 3.Nc3 d6 4.Be3 a6 5.Qd2 Nd7 6.Nf3 c6 7.a4 Ngf6 8.h3 O-O
9.Bd3 b6 10.O-O Bb7 11.Bh6 e5 12.dxe5 Nxe5 13.Be2 Nxf3+ 14.Bxf3 d5 15.Bxg7 Kxg7
16.exd5 cxd5 17.Rad1 Rc8 18.Qd4 Re8 19.Rd2 Kg8 20.Rfd1 Re6 21.Nxd5 Bxd5 22.c4 Qd6
23.cxd5 Re7 24.Qd3 a5 25.Rc2 Rce8 26.g3 Nd7 27.Qb5 Ne5 28.Bg2 h5 29.f4 Nd7
30.Rc6 Qb8 31.d6 Re1+ 32.Rxe1 Rxe1+ 33.Kh2 Qe8 34.Rc7 Qe3 35.h4 Nf6 36.d7 Ng4+
37.Kh3 Qd2 38.d8=Q+ Qxd8 39.Qd7 Qxd7 40.Rxd7 Re2 41.b3 Rb2 42.Rb7 Ne3 43.Bc6 Ng4
44.Bg2 Rxb3 45.Rxf7 Rxg3+ 46.Kxg3 Kxf7 47.f5 gxf5 48.Kf4 Kf6 49.Bf3 Ne5 50.Bxh5 Nd3+
51.Ke3 Nc5 52.Be8 Ke5 53.h5 Ne6 54.h6 Ng5 55.Bg6 f4+ 56.Kf2 Kf6 57.Bb1 Nf7
58.h7 Kg7 59.Kf3 Nd6 60.Bd3 Nb7 61.Kxf4 Nc5 62.Bc2 Nxa4 63.Bxa4 Kxh7  1/2-1/2

[Event "Warsaw op (Women)"]
[Site "Warsaw"]
[Date "1996.??.??"]
[Round "2"]
[White "Semenova, Lidia K"]
[Black "Umanskaya, Irina"]
[Result "1/2-1/2"]
[WhiteElo "2305"]
[BlackElo "2320"]

1.e4 g6 2.d4 Bg7 3.Nc3 d6 4.f4 a6 5.Nf3 b5 6.Bd3 Bb7 7.Be3 b4 8.Ne2 Nf6 9.Ng3 O-O
10.O-O Nbd7 11.Bd2 c5 12.e5 Nd5 13.Ng5 N7b6  1/2-1/2

[Event "Warsaw op (Women)"]
[Site "Warsaw"]
[Date "1996.??.??"]
[Round "8"]
[White "Gagloshvili, Raissa"]
[Black "Foisor, Cristina Adela B"]
[Result "1-0"]
[WhiteElo "2215"]
[BlackElo "2370"]

1.d4 d6 2.e4 g6 3.Nc3 Bg7 4.Be3 c6 5.Qd2 Nd7 6.f3 b5 7.Nh3 Nb6 8.Nf2 Bd7
9.b3 b4 10.Ncd1 c5 11.c3 bxc3 12.Nxc3 cxd4 13.Bxd4 Nf6 14.Be2 O-O 15.O-O Bc6
16.Rac1 Bb7 17.Be3 d5 18.e5 Ne8 19.Bh6 f5 20.Nh3 Nc7 21.Bxg7 Kxg7 22.Ng5 Bc8
23.Nb5 Nxb5 24.Bxb5 h6 25.Nh3 e6 26.Nf4 Rf7 27.Rc6 Re7 28.Rfc1 Kf7 29.Qb4 Bd7
30.Rd6 Rc8 31.Re1 Qc7 32.Bxd7 Nxd7 33.Nxd5 Rb8 34.Nxc7 Rxb4 35.Nxe6 Rb6 36.Nd8+ Kg7
37.Nc6 Rxc6 38.Rxc6 Nxe5 39.Rxe5 Rxe5 40.Rc7+ Kf6 41.Rxa7 Re2 42.a4 Rb2 43.Rb7 Ke5
44.a5 Kd4 45.a6 Ra2 46.a7 Kc5 47.Kf1 g5 48.Ke1 f4 49.Kd1 Kc6 50.Rh7 Kb6 51.Kc1 Ra5
52.Kb2 h5 53.b4 Ra4 54.Kb3 Ra1 55.Rxh5 Kxa7 56.Rxg5 Rh1 57.h3 Kb6 58.Kc4 Rc1+
59.Kd3 Rb1 60.b5 Kc7 61.h4 Kd6 62.h5 Ke6 63.b6 Kf7 64.Rf5+ Kg7 65.Rxf4 Rxb6
66.g4 Kh6 67.Rf8 Rb3+ 68.Ke4 Rb4+ 69.Kf5 Rb5+ 70.Kf4 Rb4+ 71.Kg3 Rb3 72.Rf6+ Kg7
73.g5 Rb4 74.h6+ Kh7 75.Rf4 Rb7 76.Kh4 Rb5  1-0

[Event "NBG Open Weilburg"]
[Site "Weilburg"]
[Date "1996.??.??"]
[Round "1"]
[White "Lau, Ralf"]
[Black "Berger, Stefan"]
[Result "1-0"]
[WhiteElo "2510"]
[BlackElo "2010"]

1.e4 g6 2.d4 Bg7 3.Nc3 d6 4.f4 a6 5.Nf3 b5 6.Bd3 Nd7 7.a4 b4 8.Nd5 c5 9.dxc5 dxc5
10.a5 Bb7 11.Ne3 e5 12.Nc4 Qc7 13.O-O f6 14.fxe5 Nxe5 15.Nfxe5 fxe5 16.Nd6+ Qxd6
17.Bb5+ Ke7 18.Rf7+ Kxf7 19.Qxd6 axb5 20.Qc7+ Ne7 21.Bg5  1-0

[Event "NBG Open Weilburg"]
[Site "Weilburg"]
[Date "1996.??.??"]
[Round "4"]
[White "Khenkin, Igor"]
[Black "Mowsziszian, Karen"]
[Result "1-0"]
[WhiteElo "2575"]
[BlackElo "2470"]

1.d4 g6 2.e4 Bg7 3.Nc3 d6 4.Nge2 Nf6 5.g3 O-O 6.Bg2 e5 7.h3 Nc6 8.Be3 exd4
9.Nxd4 Bd7 10.O-O Re8 11.Re1 a6 12.a4 Rb8 13.f4 Nb4 14.Bf2 h5 15.Re2 Qc8
16.Kh2 a5 17.Qd2 b6 18.Ncb5 Bh6 19.Qc3 Rb7 20.e5 Nfd5 21.Qc4 Nxf4 22.gxf4 Bxf4+
23.Bg3 Bxg3+ 24.Kxg3 d5 25.Qb3 Qb8 26.Qe3 c5 27.Nf3 Bxb5 28.axb5 d4 29.Qh6 f6
30.Kf2 fxe5 31.Rae1 Rbe7 32.Rxe5 Rxe5 33.Qxg6+  1-0